Schnelle Mathematik: Vielfachen von 3 - Statistiken

Allgemein
  • Dieses Quiz wurde 764 mal gespielt
  • Das Durchschnittsergebnis liegt bei 10 aus 10
Antwortstatistiken
Hint Antwort % Korrekt
4*3 12
100%
1*3 3
100%
2*3 6
100%
3*3 9
100%
5*3 15
99%
6*3 18
98%
7*3 21
97%
8*3 24
95%
9*3 27
90%
10*3 30
85%
Keine übereinstimmenden Quizze gefunden
Verteilung der Resultate
Anzahl Personen mit jedem Resultat
Perzentil nach korrekt beantworteten Fragen
Ihre Resultats-Entwicklung
Sie haben dieses Quiz noch nicht gespielt